1204 1654 1041 1584 1521 1134 1998 1172 1930 1459 1746 1258 1591 1368 1141 1560 1319 1636 1312 1559 1479 1306 1633 1776 1542 1886 1760 1159 1499 1906 1390 1987 1680 1068 1843 1827 1320 1798 1610 1516 1808 1440 1546 1919 1126 1685 1289 1224 1293 1963 1921 1456 1921 1194 1827 1683 1111 1201 1722 1702 1944 1364 1057 1202 1882 1486 1954 1042 1195 1405 1947 1657 1211 1716 1979 1781 1805 1154 1733 1213 1522 1416 1641 1350 1696 1859 1844 1701 1373 1989 1835 1273 1914 1502 1785 1260 1413 1782 1135 BCNSPRNW ULIB Ver.6.0+V

เปลี่ยนเป็นภาษาไทย

Change to English
 แสดงรายละเอียดบรรณานุกรม
  กลับหน้าหลัก

Brief Record : Get Marc (ISO 2709) : E-mail record : QR code < ปิดหน้าต่าง
LEADER : 00000nam 2200000uu 4500
001    13399112040
003     ULIB
008    110725s2551||||th 000 0 tha d
020    9789748349497
050  4 H61^bอ117ว 2551
100 0  องอาจ นัยพัฒน์
245 10 วิธีวิทยาการวิจัยเชิงปริมาณและเชิงคุณภาพทางพฤติกรรมศาสตร์และสังคมศาสตร์ =^bQuantitative and qualitative research methodologies inbehavioral and social sciences /^cองอาจ นัยพัฒน์
246 31 Quantitative and qualitative research methodologies inbehavioral and social sciences
250    พิมพ์ครั้งที่ 3
260    กรุงเทพฯ :^bสามลดา,^c2551
300    441 หน้า
504    บรรณานุกรม: หน้า 425-433
650  7 สังคมศาสตร์^xวิจัย
650  7 พฤติกรรมศาสตร์^xวิจัย
650  7 วิจัย
945    ^p350^l0^i019768
945    ^p350^l0^i021114
945    ^p350^l0^i021115
945    ^p350^l0^i026278
995    ทศพร
999 ^a ทศพร
รายการนี้ยังไม่มีแท็ก
คุณยังไม่ได้ล็อกอิน คุณสามารถมีกิจกรรมร่วมกับเว็บไซต์ได้ แต่ต้องล็อกอินก่อน ::
  ล็อกอิน

รายการสื่อสารสนเทศ

ลำดับที่ ประเภท เลขเรียก/บาร์โค้ด สถานที่ สถานะ
- ไม่พบข้อมูล -

รายการใกล้เคียง
    ผู้แต่ง [องอาจ นัยพัฒน์]

    หัวเรื่อง [วิจัย]

BibComment


ยังไม่เคยถูกคอมเมนท์

คอมเมนท์ทรัพยากรรายการนี้
  คอมเมนท์: วิธีวิทยาการวิจัย..


 Copyright 2026. Bcnsprnw @Library